Normal view MARC view
  • MS-EM-19

Entry Topical Term

Number of records used in: 1

001 - CONTROL NUMBER

  • control field: 88298

003 - CONTROL NUMBER IDENTIFIER

  • control field: NUST

005 - DATE AND TIME OF LATEST TRANSACTION

  • control field: 20220112113840.0

008 - FIXED-LENGTH DATA ELEMENTS

  • fixed length control field: 220112|| aca||aabn | a|a d

040 ## - CATALOGING SOURCE

  • Original cataloging agency: NUST
  • Transcribing agency: NUST

150 ## - HEADING--TOPICAL TERM

  • Topical term or geographic name entry element: MS-EM-19

670 ## - SOURCE DATA FOUND

  • Source citation: Work cat.: (NUST): Amna Nasir 88296, TH-SOF-1947-Inventory and pricing optimization in a supply chain for items with different types and levels of imperfections, 2021.
© 2023 Central Library, National University of Sciences and Technology. All Rights Reserved.